Essentials Of Management Accounting (Record no. 5248)

MARC details
000 -LEADER
fixed length control field 00509cam a2200193ua 4500
001 - CONTROL NUMBER
control field 6100
005 - DATE AND TIME OF LATEST TRANSACTION
control field 20260515113959.0
008 - FIXED-LENGTH DATA ELEMENTS--GENERAL INFORMATION
fixed length control field 131120n ii |||gr||||Z||||||eng
020 ## - INTERNATIONAL STANDARD BOOK NUMBER
International Standard Book Number 0-7069-9898-7
040 ## - CATALOGING SOURCE
Transcribing agency MAIN
082 ## - DEWEY DECIMAL CLASSIFICATION NUMBER
Classification number 658.1511
245 ## - TITLE STATEMENT
Title Essentials Of Management Accounting
Statement of responsibility, etc. By I .M. Pandey
260 ## - PUBLICATION, DISTRIBUTION, ETC.
Place of publication, distribution, etc. New Delhi:
Name of publisher, distributor, etc. Vikas Publishing House Pvt LTD,
Date of publication, distribution, etc. 1995.
300 ## - PHYSICAL DESCRIPTION
Extent xiii,375p.
653 ## - INDEX TERM--UNCONTROLLED
Uncontrolled term Commerce
653 ## - INDEX TERM--UNCONTROLLED
Uncontrolled term Management Accounting
700 ## - ADDED ENTRY--PERSONAL NAME
Personal name Pandey,I.M.,
Relator term Author.
942 ## - ADDED ENTRY ELEMENTS (KOHA)
Koha item type Books
Holdings
Withdrawn status Lost status Damaged status Not for loan Home library Current library Shelving location Date acquired Total checkouts Full call number Barcode Date last seen Copy number Price effective from Koha item type
        Naharkatiya College Library Naharkatiya College Library General stacks 09/19/2020   658.1511 | PAN 1634 09/19/2020 1 09/19/2020 Books